Branding : (Record no. 749484)

MARC details
000 -LEADER
fixed length control field 00362nam a2200133 4500
020 ## - INTERNATIONAL STANDARD BOOK NUMBER
ISBN 9780198749912
082 ## - DEWEY DECIMAL CLASSIFICATION NUMBER
Classification number 658.8B JON/B
084 ## - OTHER CLASSIFICATION NUMBER
Source of Number Colon Classification
100 ## - MAIN ENTRY--AUTHOR NAME
Personal name Jones,Robert
245 ## - TITLE STATEMENT
Title Branding :
Sub Title a very short introduction /
Statement of responsibility, etc Robert Jones
260 ## - PUBLICATION, DISTRIBUTION, ETC. (IMPRINT)
Place of publication Oxford :
Name of publisher Oxford University Press,
Year of publication 2017.
300 ## - PHYSICAL DESCRIPTION
Number of Pages 136p.:
942 ## - ADDED ENTRY ELEMENTS (KOHA)
Source of classification or shelving scheme Dewey Decimal Classification
Koha item type Book
Holdings
Withdrawn status Lost status Source of classification or shelving scheme Damaged status Not for loan Home Library Current Location Shelving location Date acquired Full call number Accession Number Price effective from Koha item type
    Dewey Decimal Classification     Institute of Management Institute of Management General Stacks 06/06/2025 658.8B JON/B IMK15451 06/06/2025 Book